01835nam a2200277 a 4500003000900000005001700009007000300026008004100029040002500070082001400095110008000109245010900189260005800298300004300356505055700399590002700956650007000983650006601053650005601119651010101175651011601276910001101392942001401403952012301417999001701540DO-SdBNP20220804103826.0ta220804b200? dr aob|gr|||| 001 0 spa d aDO-SdBNPbspacBNPHU 4222bR426s1 aRepública Dominicana bServicio Nacional de Protección Ambiental98215700aServicio nacional de protección ambiental (policía ambiental):bsistema de gestión institucional.  aSanto Domingo :bGuardianes de la Naturaleza,c[200?] a94 p. :bil., fotogr., mapas ;c20 cm.0 aIntroducción.tCapítulo I: Origen y Función de la Policía Ambiental.--tCapítulo II: Estructura Orgnizacinal de la Policía Ambiental.--tCapítulo III: Gerencia Institucional.--tCapítulo IV: Los Delitos Ambientales.--tCapítulo V: Disposiciones de acuerdos internacionales.--tCapítulo V: Programas de Articulación.--tCapítulo VII: Proyectos Transversales.--tCapítulo VIII: Escuela Nacional de Protección Ambiental.--tCapítulo IX: Niveles de Coordinación Requeridos.--tCapítulo X: Estructura y Equipos Proyectados. aInventariado 2022 / MF 4919651aSistema de Gestión InstitucionalzRepública Dominicana 494185aProtección del Medio AmbientezRepública Dominicana 4910770aPolítica AmbientalxRepública Dominicana 497370aServicio Nacional de Protección Ambiental (República Dominicana)xPolítica Ambiental 4aServicio Nacional de Protección Ambiental (República Dominicana)xSistema de Gestión Institucional982158 aMFeliz 2ddccLBS1 00102ddc51708PDaBNPHUbBNPHUcCTd2018-07-04eDonado por CERTVl0oR426sp2022-3640r2022-08-04w2022-08-04yLBS1 c52267d52267